| 000 | 00000nam##2200000za#4500 |
| 001 | 9.650583 |
| 003 | CaOODSP |
| 005 | 20210615114432 |
| 007 | ta |
| 008 | 150407|2007||||xxc||||| f|0| 0 eng|d |
| 020 | |a978-0-662-45325-3 |
| 040 | |aCaOODSP|beng |
| 043 | |an-cn--- |
| 086 | 1 |aIu70-4/8-2007E |
| 110 | 1 |aCanada.|bIndustry Canada. |bCorporations Canada. |
| 245 | 10|aGuide to federal incorporation to help small businesses incorporate federally |
| 250 | |a7th ed. |
| 260 | |aOttawa - Ontario : |bIndustry Canada. |c2007. |
| 300 | |a56p. : |bglossary, photographs ; |c28 cm. |
| 520 | 3 |aThis guide gives business owners a general overview of federal corporate law under the Canada Business Corporations Act (CBCA). It provides essential information on: how to incorporate your business; filing Articles of Incorporation and other forms online; a number of administrative formalities; the internal organization of your corporation; the duties of directors and shareholders; how to keep your corporation in good standing; and samples of a number of completed forms, such as Articles of Incorporation, organizational resolutions, by-laws and minutes of a shareholders' meeting. |
| 563 | |aSoftcover |
| 590 | |a07-18|b2007-05-04 |
| 690 | 07|aIncorporation|2gcpds |
| 775 | 08|tGuide pour aider les petites entreprises à se constituer en société de régime fédéral |w(CaOODSP)9.683679 |
| 776 | 0#|tGuide to federal incorporation to help small businesses incorporate federally |w(CaOODSP)9.689437 |
| 986 | |a60204 |